| 000 | 00444nam a2200157 i 4500 | ||
|---|---|---|---|
| 001 | 61321 | ||
| 003 | ES-MaACL | ||
| 005 | 20230906164430.0 | ||
| 007 | t| | ||
| 008 | 031111s1911 fr ||||1| fre d | ||
| 100 | 1 |
_aEymieu, Antonin. _948441 |
|
| 245 | 1 | 3 |
_aLe naturalisme devant la Science / _cAntonin Eymieu. |
| 260 |
_aParĂs : _bPerrin et Cie, _c1911 ( _eLagny : _fE. Grevin) |
||
| 300 |
_aXI, 365 p. ; _c19 cm. |
||
| 852 |
_aES-MaACL _jF-5835 |
||
| 999 |
_c61321 _d61321 |
||